Relationship development intervention with young children (Record no. 58045)
[ view plain ]
| 000 -LEADER | |
|---|---|
| fixed length control field | 01528nam a22003734a 4500 |
| 082 04 - DEWEY DECIMAL CLASSIFICATION NUMBER | |
| Classification number | 618.92/898203 |
| 100 1# - MAIN ENTRY--AUTHOR NAME | |
| Personal name | Gutstein, Steven E. |
| 245 10 - TITLE STATEMENT | |
| Title | Relationship development intervention with young children |
| 260 ## - PUBLICATION, DISTRIBUTION, ETC. (IMPRINT) | |
| Place of publication | London ; |
| -- | Philadelphia : |
| Name of publisher | Jessica Kingsley Pub., |
| Year of publication | 2002. |
| 300 ## - PHYSICAL DESCRIPTION | |
| Number of Pages | 331 p. : |
| Other physical details | ill. |
| 650 #0 - SUBJECT ADDED ENTRY--TOPICAL TERM | |
| Topical Term | Asperger's syndrome. |
| Topical Term | Autistic children |
| Topical Term | Child development. |
| Topical Term | Children with disabilities |
| Topical Term | Developmental disabilities. |
| Topical Term | Friendship in children. |
| Topical Term | Social skills in children. |
| 700 1# - ADDED ENTRY--PERSONAL NAME | |
| Personal name | Sheely, Rachelle K., |
| 856 40 - ELECTRONIC LOCATION AND ACCESS | |
| Uniform Resource Identifier | http://site.ebrary.com/lib/rucke/Doc?id=10035678 |
No items available.
